000 00941nam a22003137a 4500
003 CHAP
005 20220817042139.0
008 971013s1971 r 00010 d
010 _a36070
011 _a37042
035 _a41161
040 _cCHAP
082 _a551.5
_bO87
110 _aOrganización Meteorológica Mundial
_983552
245 _aMeteorological services of the world
260 _a(s.l.) :
_bOMM,
_c1971
300 _apag. var.
500 _aLa biblioteca tiene sup. 2-13, 1973-80
590 _aBATCH-UPD
_b10
_c20130110
_lUCH01
_h0934
590 _aBATCH-UPD
_b10
_c20130410
_lUCH01
_h0552
590 _aBATCH-UPD
_b10
_c20130914
_lUCH01
_h1322
590 _aCONVERSION
_b10
_c20130109
_lUCH01
_h1320
650 1 4 _aEstaciones meteorológicas.
_938196
650 1 4 _aMeteorología.
700 0 _aMeteologgía.
_975190
901 _aBK
942 _cLIBRO
949 _a551.5 O87
_bBC
_cC
_d33724000494068
_eC
_h59972
_i41161
_si
999 _c36070
_d36070